| 000 | 00540nam a22001817a 4500 | ||
|---|---|---|---|
| 999 |
_c124340 _d124340 |
||
| 005 | 20211014115617.0 | ||
| 008 | 211014b ||||| |||| 00| 0 eng d | ||
| 020 | _a9783030187347 | ||
| 040 | _cPK-LaUMT | ||
| 082 |
_a711.40285 _bDIG- |
||
| 245 |
_aDigital twin technologies and smart cities / _cedited by Maryam Farsi . . . [et al.] |
||
| 260 |
_aSwitzerland : _bSpringer, _c2020 |
||
| 300 | _a212 p. | ||
| 650 | _aSmart cities | ||
| 650 | _aArtificial intelligence-Cities planning | ||
| 650 | _aVirtual computer system | ||
| 942 | _cBK | ||